01677cam a22003375i 4500999001700000001001000017003000900027005001700036008004100053020002500094020002200119040004500141043001200186082002300198245009800221264006300319264001000382300003200392336002600424337002800450338002700478490005800505504005100563520042400614650004701038650001801085653003501103700004001138942001201178952014901190 c27644d27615014794579EG-ScBUE20190923112759.0081010s2000 nbu f b 001 0 eng d a9780803220850 (pbk.) a0803220855 (pbk.) aStDuBDSbengerdacStDuBDSdUkdEG-ScBUE an-us---04a342.73085bUNI22204aThe United States and human rights :blooking inward and outward /cedited by David Forsythe. 1aLincoln ;aLondon :bUniversity of Nebraska Press,c[2000] 4cc2000 axxviii, 404 pages ;c24 cm. atextbtxt2rdacontent aunmediatedbn2rdamedia avolumebnc2rdacarrier0 aHuman rights in international perspective ;vvolume 5 aIncludes bibliographical references and index. a"The first part of the book deals with human rights issues in American society. The contributors focus on how international human rights standards could improve American society in several areas, including health care, the labor force, and refugee and immigration affairs. Other essays analyze why the United States has been hesitant to ratify human rights treaties. The second part of the book deals with human rights. 7aCivil rightszUnited States.2BUEsh940606 0aHuman rights. bMASPPSSbLLAAWWcSeptember20191 aForsythe, David P.,d1941-eeditor. 2ddccBB 00102ddc40708BaccahaMAINbMAINc1STd2019-09-23ePurchaseg650.00l0o342.73085 UNIp000048106r2025-07-15 00:00:00v812.50w2019-09-23yBB